000 00897nam a2200253Ia 4500
003 OSt
005 20220923215739.0
006 a|||||r|||| 00| 0
007 ta
008 220922b |||||||| |||| 00| 0 hin d
024 _a181,463
037 _cTextual
040 _aARTS
_cARTS
_bhin
041 _2hin
_ahin
082 _aO152,1:g(R5), M3
100 _aबाफना, प्रेमलता
245 0 _aसौन्दर्य शास्त्र और आधुनिक हिन्दी कविता
246 _aSaundarya shāstra aur ādhunik hindī kavitā
260 _aकरनाल
_b नटराज पब्लि0 हा0
_c1983
300 _a107पृ.
_ccm.
650 _aहिन्दी साहित्य
_9156264
942 _hO152,1:g(R5), M3
_cTEXL
_2CC
999 _c334840
_d334840